Guadalupe (Record no. 1213)

MARC details
000 -CABECERA
campo de control de longitud fija 00994nam a2200265 a 4500
001 - NÚMERO DE CONTROL
campo de control BRCA_1350
005 - FECHA Y HORA DE LA ÚLTIMA TRANSACCIÓN
campo de control 20190320203404.0
008 - DATOS DE LONGITUD FIJA--INFORMACIÓN GENERAL
campo de control de longitud fija 941110s1991 mx-a---###---#000-0#spa-#
020 ## - NÚMERO INTERNACIONAL ESTÁNDAR DEL LIBRO
Número Internacional Estándar del Libro 9686525009
041 ## - CÓDIGO DE LENGUA
Código de lengua del texto/banda sonora o título independiente spa
044 ## - CÓDIGO DEL PAÍS DE LA ENTIDAD EDITORA/PRODUCTORA
Código MARC del país mx
050 #4 - SIGNATURA TOPOGRÁFICA DE LA BIBLIOTECA DEL CONGRESO
Número de clasificación N8070
Número de documento/Ítem .E83 1991
100 1# - ENTRADA PRINCIPAL--NOMBRE DE PERSONA
Nombre de persona Escalada, Xavier
Títulos y otros términos asociados al nombre S. J.
Fechas asociadas al nombre 1918-2006
9 (RLIN) 4420
245 10 - MENCIÓN DE TÍTULO
Título Guadalupe
Resto del título arte y esplendor
Mención de responsabilidad, etc. Xavier Escalada S. J.
250 ## - MENCIÓN DE EDICIÓN
Mención de edición 2
260 ## - PUBLICACIÓN, DISTRIBUCIÓN, ETC.
Lugar de publicación, distribución, etc. [México]
Nombre del editor, distribuidor, etc. Enciclopedia Guadalupana
Fecha de publicación, distribución, etc. [1991]
300 ## - DESCRIPCIÓN FÍSICA
Extensión 178 p.
Otras características físicas il. a color
Dimensiones 31 cm.
Material acompañante/anejo un tríptico
500 ## - NOTA GENERAL
Nota general Contiene cuatro traducciones del náhuatl al español de Antonio Valeriano Nican Mopohua
500 ## - NOTA GENERAL
Nota general Incluye piezas de la colección Franz Mayer: p. 13, 80, 81, 82, 83, 93 y 96
650 14 - PUNTO DE ACCESO ADICIONAL DE MATERIA--TÉRMINO DE MATERIA
Término de materia o nombre geográfico como elemento de entrada Guadalupe, nuestra señora de
Subdivisión general Arte
9 (RLIN) 4421
650 14 - PUNTO DE ACCESO ADICIONAL DE MATERIA--TÉRMINO DE MATERIA
Término de materia o nombre geográfico como elemento de entrada Arte cristiano y simbolismo
Subdivisión geográfica México
9 (RLIN) 42
650 14 - PUNTO DE ACCESO ADICIONAL DE MATERIA--TÉRMINO DE MATERIA
Término de materia o nombre geográfico como elemento de entrada Guadalupe, nuestra señora de
Subdivisión general Culto
Subdivisión geográfica México
9 (RLIN) 4422
700 1# - PUNTO DE ACCESO ADICIONAL--NOMBRE DE PERSONA
Nombre de persona Valeriano, Antonio
Fechas asociadas al nombre ca. 1520-1605
Título de la obra Nic¯an mop¯ohua
9 (RLIN) 4423
942 ## - ELEMENTOS DE PUNTO DE ACCESO ADICIONAL (KOHA)
Fuente del sistema de clasificación o colocación Library of Congress Classification
Tipo de ítem Koha Libros
Holdings
Estado de retiro Estado de pérdida Estado dañado No para préstamo Localización permanente Ubicación/localización actual Fecha de adquisición Total de préstamos Signatura topográfica completa Código de barras Fecha visto por última vez Precio válido a partir de Tipo de ítem Koha
El ejemplar forma parte de la colección y puede ser consultado según las políticas vigentes.       Biblioteca del Museo Franz Mayer (Rogerio Casas-Alatriste) Biblioteca del Museo Franz Mayer (Rogerio Casas-Alatriste) 26/06/2008   N8070 .E83 1991 01873 22/03/2019 22/03/2019 Libros